Role of psychological capital on employees turnover in healthcare (Record no. 393376)

MARC details
000 -LEADER
fixed length control field 00462nam a22001817a 4500
005 - DATE & TIME
control field 20250610151031.0
008 - FIXED-LENGTH DATA ELEMENTS--GENERAL INFORMATION
fixed length control field 250610b |||||||| |||| 00| 0 eng d
040 ## - CATALOGING SOURCE
Original cataloging agency VIVEKANANDA LIBRARY
082 ## - DDC NUMBER
Classification number 658.3
Book Number N549R
100 ## - MAIN ENTRY--PERSONAL NAME
Personal name Nidhi
245 ## - TITLE STATEMENT
Title Role of psychological capital on employees turnover in healthcare
260 ## - PUBLICATION, DISTRIBUTION, ETC. (IMPRINT)
Name of publisher, distributor, etc IMSAR, M D University, Rohtak
300 ## - PHYSICAL DESCRIPTION
Pages 187
650 ## - Subject
Subject Management
650 ## - Subject
Subject Employees Turnover
700 ## - Added Entry Personal Name
Added Entry Personal Name Aarti
942 ## - ADDED ENTRY ELEMENTS (KOHA)
Koha item type Thesis
Holdings
Withdrawn status Lost status Source of classification or shelving scheme Damaged status Not for loan Location (home branch) Sublocation or collection (holding branch) Shelving location Date acquired Koha issues (times borrowed) Koha full call number Accession No. Koha date last seen Koha item type
    Dewey Decimal Classification     VIVEKANANDA LIBRARY VIVEKANANDA LIBRARY IMSAR Library 10/06/2025   658.3 N549R 411082 10/06/2025 Thesis
© Designed and Maintained by Vivekananda Library, MDU Rohtak